000 00525nam a2200181 a 4500
001 1766310660200
003 YourLibrary
005 20251222104447.0
008 251221s2008##################000#0#eng##
020 _a9780521088084
082 0 4 _a263
_bTIE
100 1 _aTierney, Brian,
_eauthor.
245 1 0 _aReligion, Law and the Growth of Constitutional Thought, 1150-1650 :
260 _bCambridge University Press,
_c2008.
650 0 _aPolitical Science.
942 _cENGLISH
040 _aYourLibrary
_beng
_cYourLibrary
999 _c603522
_d603522